000 00379nam a2200181Ia 4500
001 555
005 20260306140526.0
008 260306t2011||||xx |||||||||||||| ||spa||
041 _aESP
082 _a128
_bB17 2011
100 _aBalmes, Jaime
_eAUT
245 0 _aEl criterio
260 _c2011
300 _a
_c
650 _aGEN
654 _aCHU
942 _cLIB
_dJUS
_fJUS
_2ddc
_n
999 _c555
_d555